Music Quiz

Random Music or Album Quiz
Score 0/47 Timer 15:00
0 Plays Today
Album Song % Correct
Frances the MuteThe Widow
88.4%
De-Loused in the ComatoriumTelevators
84.6%
De-Loused in the ComatoriumCicatriz ESP
84.1%
De-Loused in the ComatoriumInertiatic ESP
83.7%
De-Loused in the ComatoriumRoulette Dares (The Haunt Of)
83.5%
The Bedlam in GoliathGoliath
81.4%
De-Loused in the ComatoriumTake the Veil Cerpin Taxt
81.2%
De-Loused in the ComatoriumSon et Lumiere
80.8%
De-Loused in the ComatoriumDrunkship of Lanterns
80.3%
Frances the MuteCygnus... Vismund Cygnus
79.7%
Frances the MuteL'Via L'Viaquez
79.7%
De-Loused in the ComatoriumEriatarka
78.5%
AmputechtureTetragrammaton
75.1%
Frances the MuteMiranda That Ghost Just Isn't Holy Anymore
72.8%
The Bedlam in GoliathWax Simulacra
72.4%
AmputechtureViscera Eyes
72.2%
AmputechtureMeccamputechture
71.9%
AmputechtureDay of the Baphomets
71.5%
OctahedronSince We've Been Wrong
71.3%
De-Loused in the ComatoriumThis Apparatus Must Be Unearthed
70.6%
OctahedronTeflon
69.7%
The Bedlam in GoliathMetatron
67.9%
OctahedronCotopaxi
67.7%
The Bedlam in GoliathIlyena
67.4%
Album Song % Correct
De-Loused in the ComatoriumTira Me a las Arañas
66.1%
AmputechtureVermicide
64.2%
The Bedlam in GoliathAberinkula
63.8%
The Bedlam in GoliathTourniquet Man
63.8%
The Bedlam in GoliathSoothsayer
63.1%
The Bedlam in GoliathAgadez
62.7%
OctahedronCopernicus
61.6%
AmputechtureAsilos Magdalena
61.5%
The Bedlam in GoliathOuroborous
61.5%
The Bedlam in GoliathConjugal Burns
61.3%
OctahedronLuciforms
60.9%
The Bedlam in GoliathAskepios
59.9%
AmputechtureVicarious Atonement
59.1%
OctahedronWith Twilight as My Guide
59%
OctahedronDesperate Graves
57.3%
The Bedlam in GoliathCavalettas
56.3%
OctahedronHalo of Nembutals
55.4%
AmputechtureEl Ciervo Vulnerado
51.6%
Frances the MuteCassandra Gemini: E. Sarcophagi
40.1%
Frances the MuteCassandra Gemini: A. Tarantism
35.1%
Frances the MuteCassandra Gemini: C. Faminepulse
31.4%
Frances the MuteCassandra Gemini: D. Multiple Spouse Wounds
31.2%
Frances the MuteCassandra Gemini: B. Plant A Nail In The Navel Stream
30.1%

You're not logged in!

Compare scores with friends on all Sporcle quizzes.
OR
Log In

Sporcle TV

Today on Sporcle TV


Watch our educational content, quiz creation guides, and fun videos on Sporcle TV.

Show Comments

Extras

Top Quizzes Today


Score Distribution

Paid Content

Your Account Isn't Verified!

In order to create a playlist on Sporcle, you need to verify the email address you used during registration. Go to your Sporcle Settings to finish the process.

Report this User

Report this user for behavior that violates our Community Guidelines.

Details: